Código de comercio español : (Record no. 44582)

MARC details
000 -LEADER
campo de control de longitud fija 00557nam a2200169 i 4500
001 - NÚMERO DE CONTROL
campo de control 44582
003 - IDENTIFICADOR DE NÚMERO DE CONTROL
campo de control ES-MaACL
005 - FECHA Y HORA DE LA ÚLTIMA TRANSACCIÓN
campo de control 20230906161047.0
007 - CAMPO FIJO DE DESCRIPCIÓN FÍSICA--INFORMACIÓN GENERAL
campo de control de longitud fija t|
008 - DATOS DE LONGITUD FIJA--INFORMACIÓN GENERAL
campo de control de longitud fija 030321s1959 sp ||||1| spa d
245 00 - MENCIÓN DEL TÍTULO
Título Código de comercio español :
Resto del título de 22 de agosto de 1885, con las variantes introducidas hasta el día, 1958, anotado y seguido de un repertorio alfabético de materias y un extenso apéndice.
250 ## - MENCION DE EDICION
Mención de edición 5ª ed.
260 ## - PUBLICACIÓN, DISTRIBUCIÓN, ETC.
Lugar de publicación, distribución, etc. Madrid :
Nombre del editor, distribuidor, etc. Reus,
Fecha de publicación, distribución, etc. 1959.
300 ## - DESCRIPCIÓN FÍSICA
Extensión 515 p. ;
Dimensiones 14 cm.
500 ## - NOTA GENERAL
Nota general Índice.
852 4# - LOCALIZACIÓN
Ubicación ES-MaACL
Número de control de estantería A-5464
Holdings
Estatus retirado Estado de pérdida Estado de daño No para préstamo Biblioteca de origen Biblioteca actual Ubicación en estantería Fecha de adquisición Fuente de adquisición Total de préstamos Signatura topográfica completa Código de barras Visto por última vez Precio de reemplazo Tipo de ítem Koha
        Biblioteca del Ateneo de Madrid Biblioteca del Ateneo de Madrid Sala Pecera Planta 1 17/01/2008     A-5464 1046924 23/02/2023 23/02/2023 Libro impreso